Normal view
MARC view
- الفكر الاسلامي-مدارس علم النفس
Entry Topical Term
001 - CONTROL NUMBER
- control field: 8160
003 - CONTROL NUMBER IDENTIFIER
- control field: JO-AjAnu
005 - DATE AND TIME OF LATEST TRANSACTION
- control field: 20230606071622.0
008 - FIXED-LENGTH DATA ELEMENTS
- fixed length control field: 230606|| aca||aabn | a|a d
040 ## - CATALOGING SOURCE
- Original cataloging agency: JO-AjAnu
- Transcribing agency: JO-AjAnu
150 ## - HEADING--TOPICAL TERM
- Topical term or geographic name entry element: الفكر الاسلامي-مدارس علم النفس
670 ## - SOURCE DATA FOUND
- Source citation: Work cat.: (JO-AjAnu)4215: الهميم،عبد اللطيف , author 8159, منطق أرسطو وأثره السلبي في بنية الفكر الإسلامي